LIBRARY & INFORMATION CENTRE, KCAET, TAVANUR

ONLINE PUBLIC ACCESS CATALOGUE (OPAC)

Municipal and rural sanitation / (Record no. 3080)

MARC details
000 -LEADER
fixed length control field 00372cam a2200145ua 4500
003 - CONTROL NUMBER IDENTIFIER
control field OSt
008 - FIXED-LENGTH DATA ELEMENTS--GENERAL INFORMATION
fixed length control field 210915b ||||| |||| 00| 0 eng d
082 ## - DEWEY DECIMAL CLASSIFICATION NUMBER
Classification number 628.7
Item number EHL/MU
100 ## - MAIN ENTRY--AUTHOR NAME
Personal name Ehlors, Vecctor M .
245 ## - TITLE STATEMENT
Title Municipal and rural sanitation /
250 ## - EDITION STATEMENT
Edition statement 5 /
260 ## - PUBLICATION, DISTRIBUTION, ETC. (IMPRINT)
Place of publication New York :
Name of publisher McGraw Hill Book Company ,
Year of publication 1958.
300 ## - PHYSICAL DESCRIPTION
Number of Pages 596 ; .
942 ## - ADDED ENTRY ELEMENTS (KOHA)
Koha item type Books
Holdings
Withdrawn status Lost status Damaged status Home library Current library Date acquired Full call number Accession Number Koha item type Public note
      KAUAET KAUAET 07/04/2012 628.7 16778 Books  
Withdrawn     KAUAET KAUAET 07/04/2012 628.7 3691 Books  
Withdrawn     KAUAET KAUAET 07/04/2012 628.7 3356 Books Deleted
Withdrawn   Damaged KAUAET KAUAET 07/04/2012 628.7 3692 Books  
Withdrawn     KAUAET KAUAET 07/04/2012 628.7 3357 Books Deleted
free website counter